000
00279nam a2200109Ia 4500
008
220204s9999 xx 000 0 und d
082
_a
796.342
_b
RAV
100
_a
Tom
245
0
_a
Tennis: Illustrated teach yourself
260
_a
Sulfolk
_b
Hodder and Stoughton
_c
1977
942
_c
BK
999
_c
35267
_d
35267